| 000 -LEADER |
| fixed length control field |
00654nam a2200157Ia 4500 |
| 001 - CONTROL NUMBER |
| control field |
8673 |
| 003 - CONTROL NUMBER IDENTIFIER |
| control field |
GE_BSU |
| 008 - FIXED-LENGTH DATA ELEMENTS--GENERAL INFORMATION |
| fixed length control field |
181216s||||||||xx |||||||||||||| ||und|| |
| 040 ## - CATALOGING SOURCE |
| Transcribing agency |
GE_BSU |
| 245 ## - TITLE STATEMENT |
| Title |
საქართველოს ეკონომიკა.№12(189) 2013. |
| 245 ## - TITLE STATEMENT |
| Remainder of title |
სამეცნიერო ანალიტიკური ჟურნალი. |
| 245 ## - TITLE STATEMENT |
| Statement of responsibility, etc. |
მთ.რედ:ემზარ ჯგერენაია.სამ.რედ:ლეო ჩიქავა და სხვა. |
| 653 ## - INDEX TERM--UNCONTROLLED |
| Uncontrolled term |
პერიოდიკა |
| 653 ## - INDEX TERM--UNCONTROLLED |
| Uncontrolled term |
საქართველოს ეკონომიკა |
| 942 ## - ADDED ENTRY ELEMENTS (KOHA) |
| Koha item type |
პერიოდიკა |